• 首页
  • 本馆介绍
  • 公告通知
  • 最新文献
  • 馆藏检索
  • 电子资源
  • 读者导购
  • 参考咨询
  • 我的图书馆
  • 登录
  • 详细信息显示
  • 放入我的书架
  • 预约/预借图书
  • 作者相关作品
  • 分类相关作品
  • 丛书相关作品
  • 出版社相关作品

书目信息

  • 表格格式
  • 工作单格式
  • 卡片格式
题名:
高温熔体的界面物理化学
    
 
作者: 向井楠宏 著 ;袁章福 , 余仲达 译著
分册:  
出版信息: 北京   科学出版社  2009
页数: 92页
开本: 24cm
丛书名:
单 册:
中图分类: TB35
科图分类:
主题词: 高温材料--界面--物理化学--研究 , 高温材料 , 界面 , 物理化学
电子资源:
ISBN: 978-7-03-024440-6
000 01158nam0 2200301 45
001 1050936093
005 20100420094406.60
010    @a978-7-03-024440-6@dCNY38.00
100    @a20100409d2009 ekmy0chiy0120 ea
101 1  @achi@aeng@cjpn
102    @aCN@b110000
105    @aa z 000yy
106    @ar
200 1  @a高温熔体的界面物理化学@AGao Wen Rong Ti De Jie Mian Wu Li Hua Xue@f(日)向井楠宏著@F( Ri ) Xiang Jing Nan Hong Zhu@g袁章福,余仲达译著
210    @a北京@c科学出版社@d2009
215    @a92页@c图@d24cm
330    @a本书由4章组成,首次提出了“界面物理化学”这一专业术语, 并论述了界面发达的世界与工程学的相关性;概括了与界面物理化学相关的理论基础; 介绍了以高温材料制备过程为研究对象的高温熔体界面特性等内容。
510 1  @aInterfacial physical chemistry of high temperature melts@zeng
606 0  @a高温材料@x界面@x物理化学@x研究
606 0  @a高温材料
606 0  @a界面
606 0  @a物理化学
690    @aTB35@v4
701  0 @a向井楠宏@AXiang Jing Nan Hong@4著
702  0 @a袁章福@AYuan Zhang Fu@f(1963.7~)@4译著
702  0 @a余仲达@AYu Zhong Da@4译著
801  0 @aCN@bTANGWEI@c20100420
905    @b0591922-26@dTB35@e205@f5
    
    高温熔体的界面物理化学/(日)向井楠宏著/袁章福,余仲达译著.-北京:科学出版社,2009
    92页:图;24cm
    
    
    ISBN 978-7-03-024440-6:CNY38.00
    本书由4章组成,首次提出了“界面物理化学”这一专业术语, 并论述了界面发达的世界与工程学的相关性;概括了与界面物理化学相关的理论基础; 介绍了以高温材料制备过程为研究对象的高温熔体界面特性等内容。
●
相关链接 在E读中查询图书 在五车中查询图书 在当当中查询图书 在豆瓣中查询图书


正题名:高温熔体的界面物理化学     索取号:TB35/205         预约/预借

序号 登录号 条形码 馆藏地/架位号 状态 备注
1 0591922   205919229   第二样本阅览室/ [索取号:TB35/205] 在馆    
2 0591923   205919238   第三借阅区/ [索取号:TB35/205] 在馆    
3 0591924   205919247   第三借阅区/ [索取号:TB35/205] 在馆    
4 0591925   205919256   第三借阅区/ [索取号:TB35/205] 在馆    
5 0591926   205919265   密集书库-化学系/ [索取号:TB35/205] 在馆    
唐山师范学院图书馆 欢迎您!
大连网信软件有限公司© 版权所有